Creating the knowledge culture in organization as a part of implementing the knowledge management
Riadenie vedomostí a organizácia založená na vedomostiach. Tvorba kultúry vedomostí v organizáciách. "Vedomostní" pracovníci. Riadenie vedomostí v praxi - prehľad právnických firiem v USA.
Salvato in:
| Autore principale: | |
|---|---|
| Altri autori: | |
| Natura: | Capitolo di libro |
| Lingua: | inglese |
| Soggetti: | |
| Tags: |
Nessun Tag, puoi essere il primo ad aggiungerne!!
|
MARC
| LEADER | 00000naa$a2200000$$$4500 | ||
|---|---|---|---|
| 001 | 0087487 | ||
| 005 | 20240502072000.3 | ||
| 041 | 0 | |a eng | |
| 044 | |a SK | ||
| 245 | 1 | 0 | |a Creating the knowledge culture in organization as a part of implementing the knowledge management |c Peter Mesároš, Roman Toma |
| 520 | |a Riadenie vedomostí a organizácia založená na vedomostiach. Tvorba kultúry vedomostí v organizáciách. "Vedomostní" pracovníci. Riadenie vedomostí v praxi - prehľad právnických firiem v USA. | ||
| 610 | 2 | 0 | |a vedomosti |
| 610 | 2 | 0 | |a riadenie znalostí |
| 610 | 2 | 0 | |a firmy |
| 610 | 2 | 0 | |a pracovníci |
| 610 | 2 | 0 | |a pracovníci riadiaci |
| 100 | 1 | |a Mesároš, Peter | |
| 700 | 1 | |a Toma, Roman | |